| 000 | 01017cad a22001935a 4500 | ||
|---|---|---|---|
| 001 | L150894 | ||
| 008 | 100913s2010 xxk f 000 0 eng d | ||
| 035 | _a(Sirsi) u150894 | ||
| 041 | 0 | _aeng | |
| 110 | 2 |
_aField Fisher Waterhouse _95879 |
|
| 245 | 0 | 0 |
_aNew techniques for risk management in planning and public consultation _h[electronic resource] |
| 260 |
_aLondon _bField Fisher Waterhouse _c2010 |
||
| 520 | _aBooklet explains the new requirements for increased public consultation in relation to planning applications. Argues for a more proactive approach for both developers and authorities to comply with the new requirements introduced by legislation such as the Planning Act 2008. | ||
| 590 | _aKA | ||
| 651 | 4 |
_aEngland and Wales _y1543- |
|
| 690 | _aENVIRONMENTAL AND LAND CONSULTANCY-PLANNING AND DEVELOPMENT-PLANNING GUIDANCE | ||
| 856 | 4 | 0 |
_uhttps://www.ffw.com/pdf/New-techniques-for-risk-management-in-planning-and-public-consultation.pdf _zView this item free of charge at www.ffw.com |
| 942 | _n0 | ||
| 999 |
_c111010 _d111010 |
||